Desarrollo organizacional : (Registro nro. 29461)

Detalles MARC
000 -CABECERA
Longitud fija campo de control 01579nam a2200241 a 4500
003 - • IDENTIFICADOR DELl NÚMERO DE CONTROL
Identificador del número de control CO-ViMGA
008 - • CÓDIGOS DE INFORMACIÓN DE LONGITUD FIJA
Códigos de información de longitud fija 141112s2004 ck r 000 u spa d
020 ## - • NÚMERO INTERNACIONAL NORMALIZADO PARA LIBROS
Número Internacional Normalizado para Libros (ISBN) 9701042395
040 ## - FUENTE DE LA CATALOGACIÓN
Centro catalogador de origen CO-ViMGA
Lengua de catalogación spa
Centro transcriptor CO-ViMGA
082 04 - • NÚMERO DE LA CLASIFICACIÓN DECIMAL DEWEY
Número de clasificación (R) 658.406 G895d
100 1# - • PUNTO DE ACCESO PRINCIPAL-NOMBRE DE PERSONA
Nombre de persona Guizar Montúfar, Rafael
245 10 - • TITULO PROPIAMENTE DICHO
Título Desarrollo organizacional :
Resto del título Principios y aplicaciones
250 ## - • MENCIÓN DE EDICIÓN
Mención de edición 2
300 ## - • DESCRIPCIÓN FÍSICA
Extensión 398p
505 ## - • NOTA DE CONTENIDO CON FORMATO
Nota de contenido con formato Introducción general al desarrollo organizacional 3 - - Breve historia de la evolución del desarrollo organizacional en Mexico y LatinoAmérica 25 - - Intervenciones en procesos humanos 149 - - Inverciones tecnoestructurales 203 - - Intervenciones de administración de recursos humanos 263 - - Instalación de objetivos y metas 265 - - Sistemas de recompensas y planeación y desarrollo de carrera 283 - - Administración del estres 301 - - PLaneación de sistemas abiertos y cultura corporativa 313 - - Intervenciones estrategicas 357 - - Administración del cambio estrategico 359 - - Evaluación y práctica del desarrollo organizacional y tendencias futuras 385 - - Tendencias en el ámbito del desarrollo organizacional 387 - - Bibliografía clásica en D.O. 395 - - Modelos Clásicos de D : O : 405
590 ## - NOTAS LOCALES
Nota local Forma de adquisición : Compra fact.0538 - - Precio : 55000 - - Proveedor : Temas y libros - - Fecha de adquisición : Marzo 2006
650 14 - • PUNTO DE ACCESO ADICIONAL DE MATERIA - TÉRMINO DE MATERIA
Término de materia o nombre geográfico como elemento inicial ADMINISTRACION DE EMPRESAS
650 14 - • PUNTO DE ACCESO ADICIONAL DE MATERIA - TÉRMINO DE MATERIA
Término de materia o nombre geográfico como elemento inicial CAMBIO ORGANIZACIONAL
650 14 - • PUNTO DE ACCESO ADICIONAL DE MATERIA - TÉRMINO DE MATERIA
Término de materia o nombre geográfico como elemento inicial RENDIMIENTO INDUSTRIAL
942 ## - ENTRADA DE ELEMENTOS AGREGADOS (KOHA)
Fuente de clasificaión o esquema Dewey Decimal Classification
Koha [por defecto] tipo de item LIbro
Existencias
Perdido Fuente de clasificación o esquema Estado Físico No para préstamo Forma de adquisición Localización permanente Localización actual Fecha adquisición Serie de enumeración / cronolog&íacute;a Préstamos totales Signatura completa Código de barras Fecha última consulta Número de copia Fecha del precio de reemplazo Tipo de item de Koha
  Dewey Decimal Classification     Sala Especializada Tercer Piso Biblioteca Pública Germán Arciniegas - Villavicencio Biblioteca Pública Germán Arciniegas - Villavicencio 12/04/2015 Volumen. 1 | 11/jun/2009   658.406 G895d 20467 08/30/2017 Ej. 1 12/04/2015 LIbro









Instituto Departamental de Cultura del Meta - Red Departamental de Bibliotecas Públicas del Meta.